书目信息 |
| 题名: |
房屋卫生技术设备
|
|
| 作者: | 许让 主编 | |
| 分册: | ||
| 出版信息: | 北京 中国建筑工业出版社 1997.06 |
|
| 页数: | 183页 | |
| 开本: | 16开 | |
| 丛书名: | ||
| 单 册: | ||
| 中图分类: | TU824-43 | |
| 科图分类: | ||
| 主题词: | 房屋建筑设备:卫生设备 | |
| 电子资源: | ||
| ISBN: | 7-112-02994-5 | |
| 000 | 00574nam0 2200193 45 | |
| 001 | 0011181551 | |
| 005 | 20010305094050.0 | |
| 010 | @a7-112-02994-5@d10.00元 | |
| 100 | @a20001118d1997 km y0chiy0120 ea | |
| 101 | 0 | @achi |
| 105 | @a z 000yy | |
| 200 | 1 | @a房屋卫生技术设备@AFang Wu Wei Sheng Ji Shu She Bei@f许让主编@FXu Rang Zhu Bian |
| 210 | @a北京@c中国建筑工业出版社@d1997.06 | |
| 215 | @a183页@d16开 | |
| 606 | 0 | @a房屋建筑设备:卫生设备 |
| 690 | @aTU824-43@v3 | |
| 701 | 0 | @a许让@4主编 |
| 801 | @aCN@bPftUser@c20001118 | |
| 905 | @dTU824-43@eX.251-1@b326153-155@f3 | |
| 房屋卫生技术设备/许让主编.-北京:中国建筑工业出版社,1997.06 |
| 183页;16开 |
| ISBN 7-112-02994-5:10.00元 |
| ● |
| 相关链接 |
|
|
|
正题名:房屋卫生技术设备
索取号:TU824-43/X.251-1
 
预约/预借
| 序号 | 登录号 | 条形码 | 馆藏地/架位号 | 状态 | 备注 |
| 1 | 326153 | 203261530 | 建筑库201/201建筑库 50排6列3层/ [索取号:TU824-43/X.251-1] | 在馆 | |
| 2 | 326154 | 203261549 | 建筑库201/201建筑库 50排6列3层/ [索取号:TU824-43/X.251-1] | 在馆 | |
| 3 | 326155 | 203261558 | 能源与建筑环境工程学院资料室/404自科库 17排3列2层/ [索取号:TU824-43/X.251-1] | 在馆 |